Crumb (Record no. 67230)
[ view plain ]
| 000 -LEADER | |
|---|---|
| campo de control de longitud fija | 02286cgm a2200541Ia 4500 |
| 001 - NÚMERO DE CONTROL | |
| campo de control | 39370 |
| 005 - FECHA Y HORA DE LA ÚLTIMA TRANSACCIÓN | |
| campo de control | 20230410123840.0 |
| 007 - CAMPO FIJO DE DESCRIPCIÓN FÍSICA--INFORMACIÓN GENERAL | |
| campo de control de longitud fija | vd cvaizq |
| 008 - DATOS DE LONGITUD FIJA--INFORMACIÓN GENERAL | |
| campo de control de longitud fija | 060411s2006 cau121 e vleng d |
| 035 ## - NÚMERO DE CONTROL DEL SISTEMA | |
| Número de control de sistema | (OCoLC)ocm66292552 |
| 040 ## - FUENTE DE CATALOGACIÓN | |
| Centro catalogador/agencia de origen | TEFMT |
| Centro/agencia transcriptor | TEFMT |
| Centro/agencia modificador | IMD |
| -- | RCS |
| 020 ## - NÚMERO INTERNACIONAL ESTÁNDAR DEL LIBRO | |
| Número Internacional Estándar del Libro | 1424810639 |
| 020 ## - NÚMERO INTERNACIONAL ESTÁNDAR DEL LIBRO | |
| Número Internacional Estándar del Libro | 9781424810635 |
| 024 1# - IDENTIFICADOR DE OTROS ESTÁNDARES | |
| Número estándar o código | 043396144453 |
| 028 02 - NÚMERO DE EDITOR O DISTRIBUIDOR | |
| Número de editor o de distribuidor | 14445 |
| Fuente | Sony Pictures Classics |
| 035 ## - NÚMERO DE CONTROL DEL SISTEMA | |
| Número de control de sistema | (OCoLC)66292552 |
| 037 ## - FUENTE DE ADQUISICIÓN | |
| Fuente del número de adquisición | Midwest Tape |
| Nota | http://www.midwesttapes.com |
| 041 1# - CÓDIGO DE IDIOMA | |
| Código de lengua del texto/banda sonora o título independiente | eng |
| Código de lengua del sumario o resumen | eng |
| -- | fre |
| Código de lengua original | eng |
| 050 14 - SIGNATURA TOPOGRÁFICA DE LA BIBLIOTECA DEL CONGRESO | |
| Número de clasificación | CM DVD 00813 |
| 082 04 - NÚMERO DE LA CLASIFICACIÓN DECIMAL DEWEY | |
| Número de clasificación | 741.5/092 |
| Número de edición | 22 |
| 049 ## - FONDOS LOCALES (OCLC) | |
| Biblioteca depositaria | GRAL |
| 245 00 - MENCIÓN DEL TÍTULO | |
| Título | Crumb |
| Medio | [videorecording] / |
| Mención de responsabilidad, etc. | David Lynch presents a Superior Pictures production ; produced by Lynn O'Donnell & Terry Zwigoff ; directed by Terry Zwigoff. |
| 260 ## - PUBLICACIÓN, DISTRIBUCIÓN, ETC. | |
| Lugar de publicación, distribución, etc. | [Culver City, Calif.] : |
| Nombre del editor, distribuidor, etc. | Sony Pictures Classics : |
| -- | Sony Pictures Home Entertainment, |
| Fecha de publicación, distribución, etc. | [2006] |
| 300 ## - DESCRIPCIÓN FÍSICA | |
| Extensión | 1 videodisc (121 min.) : |
| Otras características físicas | sd., col. ; |
| Dimensiones | 4 3/4 in. |
| 538 ## - NOTA DE DETALLES DEL SISTEMA | |
| Nota de detalles del sistema | DVD, region 1, full screen (1.33:1) presentation; Dolby Digital. |
| 546 ## - NOTA DE IDIOMA | |
| Nota de lengua/lenguaje | In English with English and French subtitles; closed-captioned. |
| 511 0# - NOTA DE PARTICIPANTES O INTÉRPRETES | |
| Nota de participantes o intérpretes | Robert Crumb. |
| 508 ## - NOTA DE CRÉDITOS DE CREACIÓN O PRODUCCIÓN | |
| Nota de créditos de creación o producción | Cinematography, Maryse Alberti ; editor, Victor Livingstone ; music, David Boeddinghaus |
| 500 ## - NOTA GENERAL | |
| Nota general | Videodisc release of the 1994 motion picture. |
| 521 8# - NOTA DE PÚBLICO DESTINATARIO | |
| Nota de público destinatario | Rated R.; for graphic, sex-related cartoons and for language. |
| 520 ## - RESUMEN, ETC. | |
| Sumario, etc. | Crumb enters a territory as spooky as it is fascinating...a portrait of an artist as misanthrope and bad-boy visionary, as joker and sex maniac, and finally as hero. |
| 500 ## - NOTA GENERAL | |
| Nota general | Bonus features: commentary with Terry Zwigoff and Roger Ebert; exclusive scene from Terry Zwigoff's new film "Art school confidential". |
| 600 10 - PUNTO DE ACCESO ADICIONAL DE MATERIA--NOMBRE DE PERSONA | |
| Nombre de persona | Crumb, R. |
| 650 #0 - PUNTO DE ACCESO ADICIONAL DE MATERIA--TÉRMINO DE MATERIA | |
| Término de materia o nombre geográfico como elemento de entrada | Cartoonists |
| Subdivisión geográfica | United States |
| Subdivisión de forma | Biography. |
| 600 18 - PUNTO DE ACCESO ADICIONAL DE MATERIA--NOMBRE DE PERSONA | |
| Nombre de persona | Crumb, R. |
| 650 #8 - PUNTO DE ACCESO ADICIONAL DE MATERIA--TÉRMINO DE MATERIA | |
| Término de materia o nombre geográfico como elemento de entrada | Cartoonists |
| Subdivisión geográfica | United States |
| Subdivisión de forma | Biography. |
| 655 #0 - TERMINO DE INDIZACIÓN--GENERO/FORMA | |
| Datos o término principal de género/forma | Video recordings for the hearing impaired. |
| 655 #7 - TERMINO DE INDIZACIÓN--GENERO/FORMA | |
| Datos o término principal de género/forma | Biographical (Nonfiction) |
| Fuente del término | migfg |
| 700 1# - ENTRADA AGREGADA--NOMBRE PERSONAL | |
| Nombre de persona | Lynch, David, |
| Fechas asociadas al nombre | 1946- |
| 700 1# - ENTRADA AGREGADA--NOMBRE PERSONAL | |
| Nombre de persona | O'Donnell, Lynn. |
| 700 1# - ENTRADA AGREGADA--NOMBRE PERSONAL | |
| Nombre de persona | Zwigoff, Terry. |
| 700 1# - ENTRADA AGREGADA--NOMBRE PERSONAL | |
| Nombre de persona | Crumb, R. |
| 710 2# - ENTRADA AGREGADA--NOMBRE DE ENTIDAD CORPORATIVA | |
| Nombre de entidad corporativa o nombre de jurisdicción como elemento de entrada | Superior Pictures. |
| 710 2# - ENTRADA AGREGADA--NOMBRE DE ENTIDAD CORPORATIVA | |
| Nombre de entidad corporativa o nombre de jurisdicción como elemento de entrada | Sony Pictures Classics (Firm) |
| 710 2# - ENTRADA AGREGADA--NOMBRE DE ENTIDAD CORPORATIVA | |
| Nombre de entidad corporativa o nombre de jurisdicción como elemento de entrada | Sony Pictures Home Entertainment (Firm) |
| 942 ## - ELEMENTOS DE ENTRADA SECUNDARIOS (KOHA) | |
| Fuente del sistema de clasificación o colocación | Clasificación de Library of Congress |
| Tipo de ítem Koha | |
| 994 ## - | |
| -- | C0 |
| -- | DRFGD |
| Estatus retirado | Estado de pérdida | Fuente del sistema de clasificación o colocación | Estado de daño | No para préstamo | Biblioteca de origen | Biblioteca actual | Ubicación en estantería | Fecha de adquisición | Signatura topográfica completa | Código de barras | Visto por última vez | Copia número | Tipo de ítem Koha |
|---|---|---|---|---|---|---|---|---|---|---|---|---|---|
| Clasificación de Library of Congress | Biblioteca Juan Bosch | Biblioteca Juan Bosch | Colección Multimedia (Humanidades 4to. Piso) | 10/04/2023 | CM DVD 00813 | 00000040078 | 25/10/2018 | 1 |
